Mặc kệ thiên hạ sống như người Nhật
Nội dung chính đề cập đến ý thức tự giác vượt qua cơn khủng hoảng của cá nhân mỗi người khi rơi vào hoàn cảnh khó khăn.
Spremljeno u:
| Glavni autor: | |
|---|---|
| Daljnji autori: | |
| Format: | Knjiga |
| Jezik: | Vietnamese |
| Izdano: |
H.
Nxb Hà Nội
2017
|
| Serija: | Tủ sách sống khác
|
| Teme: | |
| Oznake: |
Dodaj oznaku
Bez oznaka, Budi prvi tko označuje ovaj zapis!
|
| Thư viện lưu trữ: | Thư viện Trường Đại học Nam Cần Thơ |
|---|
| LEADER | 01179nam a22002297a 4500 | ||
|---|---|---|---|
| 001 | NCT_54359 | ||
| 008 | 181025b xxu||||| |||| 00| 0 vie d | ||
| 999 | |c 2608 |d 2608 | ||
| 020 | |a 9786045522707 |c 79000 | ||
| 082 | 0 | 4 | |2 23rd ed. |a 158.1 |b T284 |
| 100 | 1 | |a Tamagawa, Mari | |
| 245 | 1 | 0 | |a Mặc kệ thiên hạ sống như người Nhật |c Mari Tamagawa ; Nguyễn Hoàng Vân (dịch) |
| 260 | |a H. |b Nxb Hà Nội |c 2017 | ||
| 300 | |a 190 tr. |c 20cm | ||
| 490 | |a Tủ sách sống khác | ||
| 520 | 3 | |a Nội dung chính đề cập đến ý thức tự giác vượt qua cơn khủng hoảng của cá nhân mỗi người khi rơi vào hoàn cảnh khó khăn. | |
| 653 | |a Tham khảo | ||
| 700 | 1 | |a Nguyễn Hoàng Vân | |
| 942 | |2 ddc |c BK | ||
| 952 | |0 0 |1 0 |2 ddc |4 0 |6 158_100000000000000_T284 |7 0 |9 14759 |a 000001 |b 000001 |d 2018-10-25 |o 158.1 T284 |p TK.01158 |r 2018-10-25 |v 79000.00 |w 2018-10-25 |y BK | ||
| 952 | |0 0 |1 0 |2 ddc |4 0 |6 158_100000000000000_T284 |7 0 |9 14760 |a 000001 |b 000001 |d 2018-10-25 |l 1 |o 158.1 T284 |p TK.01159 |r 2019-06-11 |s 2019-05-24 |v 79000.00 |w 2018-10-25 |y BK | ||
| 980 | |a Thư viện Trường Đại học Nam Cần Thơ | ||


